Tài liệu tập huấn công ước về quyền trẻ em Sách tham khảo
Enregistré dans:
| Format: | Livre |
|---|---|
| Langue: | Vietnamese |
| Publié: |
Hà Nội
Chính trị quốc gia
2006
|
| Sujets: | |
| Tags: |
Ajouter un tag
Pas de tags, Soyez le premier à ajouter un tag!
|
| Thư viện lưu trữ: | Trung tâm Học liệu Lê Vũ Hùng, Trường Đại học Đồng Tháp |
|---|
| LEADER | 00778aam a22002418a 4500 | ||
|---|---|---|---|
| 001 | 00028993 | ||
| 008 | 120427s2006 ||||||viesd | ||
| 005 | 20171026081023.0 | ||
| 041 | 0 | # | |a vie |
| 082 | 1 | 4 | |a 342.08 |b T103L |
| 245 | 0 | 0 | |a Tài liệu tập huấn công ước về quyền trẻ em |b Sách tham khảo |
| 260 | # | # | |a Hà Nội |b Chính trị quốc gia |c 2006 |
| 300 | # | # | |a 215tr. |c 30cm. |
| 500 | # | # | |a ĐTTS ghi: Tăng cường quyền trẻ em |
| 650 | # | 4 | |a Quyền trẻ em |
| 653 | # | # | |a Công ước |
| 653 | # | # | |a Tài liệu |
| 852 | # | # | |b Kho mượn |j KM.0006535 |
| 852 | # | # | |j KM.0006535 |
| 910 | |d 27/04/2012 | ||
| 980 | # | # | |a Trung tâm Học liệu Lê Vũ Hùng, Trường Đại học Đồng Tháp |